| Tag |
First Indicator |
Second Indicator |
Subfields |
| LEADER |
00000cam a2200000 a 4500 |
| 001 |
in00000031242 |
| 005 |
20151007060341.0 |
| 008 |
870819s1987 enkac b 00110 eng d |
| 010 |
|
|
|a gb 87000566
|
| 015 |
|
|
|a GB87-566
|
| 020 |
|
|
|a 086350129X :
|c £14.95
|
| 035 |
|
|
|a (OCoLC)14166959
|
| 035 |
|
|
|9 AAC0635AM
|
| 040 |
|
|
|a UKM
|c UKM
|d OCL
|d TXA
|d UtOrBLW
|
| 043 |
|
|
|a e-uk-en
|
| 049 |
|
|
|a TXAM
|c [A11521731]
|
| 050 |
1 |
0 |
|a DA660
|
| 050 |
|
4 |
|a NA5461
|b .C42 1987
|
| 082 |
0 |
|
|a 942
|2 19
|
| 100 |
1 |
|
|a Chamberlin, E. R.
|q (Eric Russell),
|d 1926-2006.
|
| 245 |
1 |
4 |
|a The English cathedral /
|c Russell Chamberlin ; with photographs by Simon McBride.
|
| 264 |
|
1 |
|a Exeter :
|b Webb & Bower,
|c 1987.
|
| 300 |
|
|
|a 208 pages :
|b illustrations (some color), portraits ;
|c 26 cm.
|
| 336 |
|
|
|a text
|b txt
|2 rdacontent
|
| 337 |
|
|
|a unmediated
|b n
|2 rdamedia
|
| 338 |
|
|
|a volume
|b nc
|2 rdacarrier
|
| 500 |
|
|
|a Includes index.
|
| 504 |
|
|
|a Bibliography: page 204.
|
| 650 |
|
0 |
|a Cathedrals
|z England
|x History.
|
| 999 |
|
|
|a MARS
|
| 999 |
f |
f |
|s 1f19973b-0eaa-3f86-8253-af8471afc82d
|i 7d056eb6-08d1-3fdb-b7e0-678cb79ccfc8
|t 0
|
| 952 |
f |
f |
|p ric
|a Texas A&M University
|b Rellis Campus
|c Joint Library Facility
|d Remote Storage
|t 0
|e NA5461 .C42 1987
|h Library of Congress classification
|i unmediated -- volume
|m A14811521731
|
| 998 |
f |
f |
|a NA5461 .C42 1987
|t 0
|l Remote Storage
|